Welcome to the Holygrace Academy Library

Please use search bar below to get started

ASHWASATHINTE MANTHRACHARADU (Record no. 4999)

MARC details
000 -LEADER
fixed length control field 00303nam a22001337a 4500
082 ## - DEWEY DECIMAL CLASSIFICATION NUMBER
Classification number 894.812.3
Item number KRI/A
100 ## - MAIN ENTRY--AUTHOR NAME
Personal name KRISHNANKUTTY, MUNDOOR
245 ## - TITLE STATEMENT
Title ASHWASATHINTE MANTHRACHARADU
260 ## - PUBLICATION, DISTRIBUTION, ETC. (IMPRINT)
Place of publication THIRUVANANTHAPURAM
Name of publisher PRABATH BOOKS
300 ## - PHYSICAL DESCRIPTION
Number of Pages 140
520 ## - SUMMARY, ETC.
Summary, etc NOVEL
650 ## - SUBJECT ADDED ENTRY--TOPICAL TERM
Topical Term NOVEL
942 ## - ADDED ENTRY ELEMENTS (KOHA)
Koha item type Books
Holdings
Withdrawn status Lost status Collection code Home library Current library Shelving location Date acquired Source of acquisition Cost, normal purchase price Full call number Accession Number Koha item type
    Fiction Main Library Main Library SHELF-16- J- MALAYALAM NOVELS,FICTIONS 12/01/2005 Purchase 45.00 894.812.3 KRI/A 01932 Books